Statistics for Top 100 Countries by Life Expectancy

Click here to take the quiz!

General Stats

  • This quiz has been taken 35 times
  • The average score is 80 of 100

Answer Stats

#Answer% Correct
7Australia
100%
25Austria
100%
2Japan
100%
20New Zealand
100%
37United States
100%
59Argentina
97%
58China
97%
23Finland
97%
12France
97%
8Iceland
97%
6Switzerland
97%
14Canada
94%
33Chile
94%
26Germany
94%
4Italy
94%
19Netherlands
94%
15Norway
94%
5Spain
94%
11Sweden
94%
28United Kingdom
94%
34Czech Republic
91%
30Denmark
91%
57Hungary
91%
17Ireland
91%
31Liechtenstein
91%
18Luxembourg
91%
40Poland
91%
3Singapore
91%
47Slovakia
91%
24Belguim
88%
38Estonia
88%
16Greece
88%
60Iran
88%
9Israel
88%
74Latvia
88%
70Lithuania
88%
27Slovenia
88%
10South Korea
88%
52Thailand
88%
43Turkey
88%
41Croatia
85%
76Mexico
85%
21Portugal
85%
77Saudi Arabia
85%
67Serbia
85%
68Brazil
82%
50Colombia
82%
13Malta
82%
22Andorra
79%
48Bosnia and Herzegovina
79%
54Montenegro
79%
46Oman
79%
42Panama
79%
62Peru
79%
66Romania
79%
29Cyprus
76%
53Ecuador
76%
84Jamaica
76%
97Kazakhstan
76%
61Morocco
76%
86Nicaragua
76%
88Paraguay
76%
45Uruguay
76%
39Cuba
74%
75Honduras
74%
72Kuwait
74%
36Lebanon
74%
64Malaysia
74%
44United Arab Emirates
74%
73Vietnam
74%
83Belize
71%
79Bulgaria
71%
71North Macedonia
71%
65Saint Lucia
71%
51Antigua and Barbuda
68%
81Belarus
68%
99El Salvador
68%
94Georgia
68%
82Saint Kitts and Nevis
68%
63Tunisia
68%
56Algeria
65%
78Armenia
65%
100Azerbaijan
65%
92Bahamas
65%
49Bahrain
65%
35Barbados
65%
69Brunei
65%
32Costa Rica
65%
89Dominican Republic
65%
87Guatemala
65%
85Jordan
65%
96Seychelles
65%
80Mauritius
62%
55Sri Lanka
62%
95Trinidad and Tobago
62%
93Palau
56%
90Marshall Islands
50%
98Samoa
47%
1Hong Kong
35%
91Palestine
35%

Score Distribution

Percentile by Number Answered

Percent of People with Each Score

Your Score History

You have not taken this quiz